ARRUPE JESUIT UNIVERSITY

CORONAVIRUS -STOP THE SPREAD - CLEAN,DISINFECT,COVER

Structures of knowing : (Record no. 122923)

MARC details
000 -LEADER
fixed length control field 00954cam a2200265 a 4500
001 - CONTROL NUMBER
control field 4800840
005 - DATE AND TIME OF LATEST TRANSACTION
control field 20150715141922.0
008 - FIXED-LENGTH DATA ELEMENTS--GENERAL INFORMATION
fixed length control field 880914s1989 ne b 001 0 eng
010 ## - LIBRARY OF CONGRESS CONTROL NUMBER
LC control number 88008432
020 ## - INTERNATIONAL STANDARD BOOK NUMBER
International Standard Book Number 0792300092
040 ## - CATALOGING SOURCE
Original cataloging agency DLC
Transcribing agency DLC
Modifying agency DLC
043 ## - GEOGRAPHIC AREA CODE
Geographic area code e------
050 00 - LIBRARY OF CONGRESS CALL NUMBER
Classification number Q174
Item number .B67 vol. 113
Classification number BF108.E86A7 1989
082 00 - DEWEY DECIMAL CLASSIFICATION NUMBER
Classification number 150/.9/034
Edition number 19
100 1# - MAIN ENTRY--PERSONAL NAME
Personal name Arens, Katherine,
Dates associated with a name 1953-
9 (RLIN) 18130
245 10 - TITLE STATEMENT
Title Structures of knowing :
Remainder of title psychologies of the nineteenth century /
Statement of responsibility, etc Katherine Arens.
260 ## - PUBLICATION, DISTRIBUTION, ETC. (IMPRINT)
Place of publication, distribution, etc Dordrecht ;
-- Boston :
Name of publisher, distributor, etc Kluwer Academic Publishers,
Date of publication, distribution, etc c1989.
300 ## - PHYSICAL DESCRIPTION
Extent ix, 430 p. ;
Dimensions 23 cm.
440 #0 - SERIES STATEMENT/ADDED ENTRY--TITLE
Title Boston studies in the philosophy of science ;
Volume number/sequential designation v. 113
9 (RLIN) 18131
504 ## - BIBLIOGRAPHY, ETC. NOTE
Bibliography, etc Includes bibliographical references.
650 #0 - SUBJECT ADDED ENTRY--TOPICAL TERM
Topical term or geographic name as entry element Psychology
Geographic subdivision Europe, German-speaking
General subdivision History
Chronological subdivision 19th century.
9 (RLIN) 18132
906 ## - LOCAL DATA ELEMENT F, LDF (RLIN)
a 7
b cbc
c orignew
d 1
e ocip
f 19
g y-gencatlg
942 ## - ADDED ENTRY ELEMENTS (KOHA)
Source of classification or shelving scheme Library of Congress Classification
Item type Monograph ( Printed materials)
Holdings
Withdrawn status Lost status Source of classification or shelving scheme Damaged status Not for loan Collection code Home library Current library Shelving location Date acquired Total Checkouts Full call number Barcode Date last seen Price effective from Koha item type
    Library of Congress Classification     Main Collection ARRUPE LIBRARY ARRUPE LIBRARY Main Collection 15/07/2015   Q174 .B67 vol. 113 46500004596 13/09/2016 15/07/2015 Monograph ( Printed materials)

 

Arrupe Library. PO Box MP320 Mt Pleasant, Harare, Zimbabwe
263 242 745411|librarian@aju.ac.zw